000 00436nam a2200169Ia 4500
008 210210b1994 xxu||||| |||| 00| 0 eng d
082 _a153.42 RAWC
100 _aRAWLINSON (J Geoffrey).
245 _aCreative thinking and brainstorming.
260 _aBombay
_bJaico Publishing House
_c1994
300 _axiv,129
650 _athinking
650 _aCreative
650 _abrainstorming.
690 _aPsychology
906 _a049374
999 _c98411
_d98411